| 000 | 00585nam a2200181 a 4500 | ||
|---|---|---|---|
| 001 | 000004314 | ||
| 005 | 20200929151426.0 | ||
| 008 | 090721s1988 dr 001 spa d | ||
| 040 |
_aDO-SdBNP _bspa _cBNPHU |
||
| 082 | _aL951u | ||
| 100 | 1 |
_aLugo-López, Miguel A. _912738 |
|
| 245 | 1 | 0 |
_aUnas consideraciones en torno a la experiencia del descanso en el espíritu. / _cMiguel A. Lugo-López. |
| 260 |
_aSanto Domingo, _c1988. |
||
| 300 |
_a58 p. ; _c21 cm. |
||
| 500 | _aIncluyeíindice | ||
| 500 | _aIncluye referencia bibliográfica | ||
| 910 | _avalidado control de calidad Mfileto | ||
| 999 |
_c4123 _d4123 |
||